Los instrumentos de la gestión ambiental en la empresa / (Registro nro. 15353)

Detalles MARC
000 -LEADER
fixed length control field 01351nam a22002657a 4500
003 - CONTROL NUMBER IDENTIFIER
control field OSt
005 - DATE AND TIME OF LATEST TRANSACTION
control field 20210312114434.0
008 - FIXED-LENGTH DATA ELEMENTS--GENERAL INFORMATION
fixed length control field 210312s1996 ck d||gr|||| 00| 0 spa d
020 ## - INTERNATIONAL STANDARD BOOK NUMBER
International Standard Book Number 8471146487
040 ## - CATALOGING SOURCE
Original cataloging agency CO-JMCR
Transcribing agency CO-JMCR
041 0# - LANGUAGE CODE
Language code of text/sound track or separate title spa
082 04 - DEWEY DECIMAL CLASSIFICATION NUMBER
Classification number 348.040946 /
Item number C747i
Edition number 23
100 1# - MAIN ENTRY--PERSONAL NAME
Personal name Conesa Fernandez-Vítora,
Relator term autor
9 (RLIN) 35994
245 14 - TITLE STATEMENT
Title Los instrumentos de la gestión ambiental en la empresa /
Statement of responsibility, etc. Vicente Conesa Fernandez-Vitora
260 ## - PUBLICATION, DISTRIBUTION, ETC.
Place of publication, distribution, etc. Barcelona :
Name of publisher, distributor, etc. Mundi-Presa,
Date of publication, distribution, etc. 1996.
300 ## - PHYSICAL DESCRIPTION
Extent 541 páginas :
Other physical details ilustraciones y gráficas en blanco y negro ;
Dimensions 24 cm.
504 ## - BIBLIOGRAPHY, ETC. NOTE
Bibliography, etc. note Bibliografía : páginas 541.
505 0# - FORMATTED CONTENTS NOTE
Formatted contents note La empresa y el medio ambiente -- Los instrumentos auxiliares de la gestión ambiental -- Los instrumentos preventivos de la gestión ambiental -- Los instrumentos correctivos de la gestión ambiental
520 0# - SUMMARY, ETC.
Summary, etc. El libro va dirigido, tanto a los técnicos redactores de proyectos, como a los responsables de industrias y actividades contaminantes y a los gestores de la administración garantes del cumplimiento de las disposiciones en Materia de Medio Ambiente.
650 14 - SUBJECT ADDED ENTRY--TOPICAL TERM
Topical term or geographic name entry element Auditoria ambiental
9 (RLIN) 12936
650 24 - SUBJECT ADDED ENTRY--TOPICAL TERM
Topical term or geographic name entry element Gestión industrial
General subdivision Aspectos medioambientales
9 (RLIN) 35995
650 24 - SUBJECT ADDED ENTRY--TOPICAL TERM
Topical term or geographic name entry element Análisis de impacto ambiental
9 (RLIN) 35996
650 24 - SUBJECT ADDED ENTRY--TOPICAL TERM
Topical term or geographic name entry element Política de medio ambiente
9 (RLIN) 35997
942 ## - ADDED ENTRY ELEMENTS (KOHA)
Source of classification or shelving scheme Dewey Decimal Classification
Koha item type Books
Existencias
Withdrawn status Lost status Source of classification or shelving scheme Damaged status Not for loan Home library Current library Shelving location Date acquired Source of acquisition Total Checkouts Full call number Barcode Date last seen Copy number Price effective from Koha item type
    Dewey Decimal Classification     Biblioteca Pública José María del Castillo y Rada Biblioteca Pública José María del Castillo y Rada General Stacks   Donación   348.040946 / C747i 201810826 05/16/2024 Ej.1   Books